000 01198nam a22002177a 4500
999 _c190869
_d190869
005 20220808143615.0
010 _aENG-134350
020 _a97893797959
_c300.00
035 _aEN-117882
037 _bDBAD/PUB
082 _a338.04
100 _aIshaw, M. Mohamed
245 _aProspects of Millennial Entrepreneurs/
_cM. Mohamed Ishaq [et.al...]
260 _aTamil Nadu
_bShanlax Publications
_c2022
270 _a61, 66 T.P.K. Main Road, Vasantha Nagar
_bMadurai
_e625003
300 _a138p.
_c24cm(pbk)
700 _aMohideen, A. Sulthan
700 _aIrshad, K. Mohamed
700 _allyas, M. Mohamed
942 _2ddc
_cEN
_h338.04
_mISH